000 00794cab a2200253 4500
001 WB3045-60
008 090401t1994 xxu||||| |||| 00| 0 eng d
035 _a(Sirsi) u16624
041 _aeng
245 _aEnforcement notice
260 _c1994
350 _a0
490 _aEstates Gazette Case Summaries
_v1994 EGCS 188 (26 November 1994)
520 _a"Palisade Investments Ltd v SoS Environment and another", CA 11 November 1994, which discussed whether use of a shop as a bureau de change constituted a material change of use.
650 _aBUREAUX DE CHANGE
650 _aCHANGE OF USE
650 _aCLASS A1
650 _aCLASS A2
650 _aRETAIL USE
650 _aUSE CLASSES
690 _aPLANNING LAW AND PRACTICE-CASE LAW
942 _n0
948 _c04/03/1997
999 _c10970
_d10970